000 01303nam a22002657a 4500
001 7533
003 FISKH
005 20250723113347.0
008 250723b cb ||||| |||| 00| 0 eng d
020 _a027506914082
040 _aFISKH
_beng
_cFISKH
_dFISKH
050 _aPZ7
082 _a741.5
100 _aPass, Erica
245 _aHooray for dad's day! /
_cby Erica Pass ; illustrated by The Artifact Group
260 _aMailand :
_bAdvance Publisher,
_c2009.
300 _a22 unnumbered pages :
_bcolor illustrations ;
_c23 cm
505 _aJ
520 _aSpongeBob and his dad attend the annual Dad and Kid Games Day at Mussel Beach. Eager to win the grand prize—a gold-plated spatula—SpongeBob initially focuses on the competition. But through activities like bubble-blowing, sandcastle building, racing, and jellyfishing, he comes to realize that the most important prize is the time spent with his dad, not the trophy. Other Bikini Bottom dads (including Plankton’s and Squidward’s) participate, highlighting the theme of father-child bonding and friendly competition
521 8 _a450
_bLexile estimate
521 8 _aJ
_bRaz-Plus
650 _aFather’s Day
_vFather-Child Relationship
_xPicture Book
_yEasy Reader
942 _2ddc
_cBK
_n0
999 _c7533
_d7533